[Event "II Latin American Cup"]
[Site "Montevideo URU"]
[Date "2011.11.02"]
[Round "3.40"]
[White "Leskovar,Mat"]
[Black "Haddad Filho,P"]
[Result "1-0"]
[WhiteElo "2280"]
[BlackElo "1972"]

1.d4 Nf6 2.Bg5 d5 3.Nc3 Nbd7 4.Nf3 e6 5.e4 dxe4 6.Nxe4 Be7 7.Bxf6 Nxf6 8.Bd3 O-O
9.O-O b6 10.Nxf6+ Bxf6 11.Be4 Rb8 12.Qe2 Bb7 13.Bxb7 Rxb7 14.Rfd1 c6 15.Ne5 Qc7
16.Ng4 Be7 17.Qe4 Qd6 18.Ne5 Rc7 19.c4 Rd8 20.Rd3 f6 21.Nf3 f5 22.Qe2 Bf6
23.Re3 Re7 24.Re1 Kf7 25.h4 g6 26.b3 Rde8 27.Ne5+ Bxe5 28.dxe5 Qd4 29.Rd1 Qxh4
30.Rh3 Qf4 31.g3 Qg5 32.f4 Qg4 33.Qxg4 fxg4 34.Rxh7+ Kg8 35.Rh4 Rc8 36.Rxg4 Kg7
37.Rd6 Kh7 38.Kg2 Rcc7 39.Rh4+ Kg7 40.Rh1 c5 41.Kf3 Rcd7 42.Ke4 Rc7 43.Rd8  1-0

[Event "15th OIBM"]
[Site "Bad Wiessee GER"]
[Date "2011.11.03"]
[Round "6.41"]
[White "Vatter,H"]
[Black "Pienabarca,N"]
[Result "1/2-1/2"]
[WhiteElo "2322"]
[BlackElo "2106"]

1.d4 Nf6 2.Bg5 c5 3.Bxf6 gxf6 4.d5 Qb6 5.Qc1 f5 6.g3 Bg7 7.c3 d6 8.Nd2 O-O
9.Bg2 Nd7 10.Nh3 Nf6 11.O-O e5 12.Qc2 Bd7 13.c4 Qd8 14.e3 Qc8 15.f4 Ng4 16.Rfe1 Re8
17.Nf1 b5 18.cxb5 Bxb5 19.Nf2 e4 20.Rad1 Rb8 21.b3 Nxf2 22.Qxf2 Bc3 23.Nd2 Qa6
24.Bh3 Bd7 25.Rc1 Qa5 26.Red1 Bg7 27.Nc4 Qc7 28.Qe2 a5 29.Qh5 a4 30.bxa4 Bxa4
31.Rd2 Rb4 32.Qxf5 Bb5 33.Bf1 Bd7 34.Qh5 Ra8 35.Bg2 Raa4 36.Rdc2 Bb5 37.Bf1 Bxc4
38.Rxc4 Qb7 39.Qf5 Rxa2 40.R4c2 Ra3  1/2-1/2

[Event "15th OIBM"]
[Site "Bad Wiessee GER"]
[Date "2011.11.04"]
[Round "7.23"]
[White "Pezerovic,E"]
[Black "Giemsa,S"]
[Result "1-0"]
[WhiteElo "2455"]
[BlackElo "2283"]

1.d4 Nf6 2.Bg5 d5 3.e3 Ne4 4.Bf4 Bf5 5.f3 Nf6 6.c4 e6 7.Qb3 Qc8 8.Nc3 c6
9.Rc1 Qd7 10.g4 Bg6 11.h4 h6 12.h5 Bh7 13.g5 hxg5 14.Bxg5 dxc4 15.Bxc4 Nd5
16.Nge2 Nb6 17.Ng3 Nxc4 18.Qxc4 Na6 19.h6 f6 20.Bf4 Bg8 21.Qa4 Nb4 22.Rd1 gxh6
23.Nge4 Qg7 24.Kf2 Nd5 25.Nxd5 exd5 26.Nxf6+ Qxf6 27.Be5 Qf7 28.Bxh8 Bh7
29.Be5 Be4 30.Bf4  1-0

[Event "II Latin American Cup"]
[Site "Montevideo URU"]
[Date "2011.11.04"]
[Round "5.74"]
[White "Belistri,U"]
[Black "Nakle,G"]
[Result "1-0"]
[WhiteElo "2051"]
[BlackElo "1759"]

1.d4 Nf6 2.Bg5 d5 3.Nf3 e6 4.e3 Be7 5.Bd3 b6 6.Qe2 h6 7.Bh4 Bb7 8.O-O Nbd7
9.Nbd2 O-O 10.c4 g5 11.Bg3 Nh5 12.e4 Nxg3 13.hxg3 dxe4 14.Bxe4 Bxe4 15.Nxe4 g4
16.Ne5 Nxe5 17.dxe5 h5 18.Rad1 Qb8 19.Rd7 Re8 20.Nf6+ Kg7 21.Nxh5+  1-0

[Event "II Latin American Cup"]
[Site "Montevideo URU"]
[Date "2011.11.05"]
[Round "8.15"]
[White "Tristan,L"]
[Black "Leskovar,Mat"]
[Result "1-0"]
[WhiteElo "2441"]
[BlackElo "2280"]

1.d4 d5 2.Bg5 Nf6 3.Nd2 c6 4.e3 Bf5 5.Bd3 Bg6 6.Ngf3 e6 7.Ne5 Be7 8.O-O Nbd7
9.f4 Bxd3 10.cxd3 Nxe5 11.fxe5 Nd7 12.Qh5 O-O 13.Nf3 f6 14.exf6 Bxf6 15.Rf2 Qe8
16.Qh3 h6 17.Bf4 e5 18.Bg3 Qe7 19.Raf1 Rae8 20.dxe5 Nxe5 21.Nxe5 Bxe5 22.Rxf8+ Rxf8
23.Rxf8+ Kxf8 24.Qc8+ Kf7 25.Bxe5 Qxe5 26.Qxb7+ Kg8 27.Qxa7 Qxb2 28.Qa8+ Kh7
29.Qxc6 Qd2 30.Kf1 Qxd3+ 31.Kf2 Qd2+ 32.Kf3 Qxa2 33.Qe6 Qc4 34.Qf5+ Kg8 35.Qf4 Qc6
36.Qe5 Kf7 37.Qf5+ Qf6 38.Kg4 g6 39.Qxd5+ Ke7 40.Qe4+  1-0

[Event "TCh-AUT 2 Ost 2011-12"]
[Site "Vienna AUT"]
[Date "2011.11.06"]
[Round "4"]
[White "Lendwai,R"]
[Black "Papp,Ga"]
[Result "0-1"]
[WhiteElo "2397"]
[BlackElo "2551"]

1.d4 Nf6 2.Bg5 d5 3.e3 c5 4.Bxf6 gxf6 5.c3 e5 6.dxc5 Bxc5 7.Nd2 Be6 8.Bd3 f5
9.Ne2 Nc6 10.Ng3 Qf6 11.Qh5 f4 12.Qf3 e4 13.Ndxe4 dxe4 14.Nxe4 Qe7 15.Qxf4 O-O-O
16.O-O-O Bb6 17.Bb1 Bc7 18.Qf6 Qxf6 19.Nxf6 h5 20.Rxd8+ Bxd8 21.Ne4 Be7 22.f4 h4
23.Rd1 Rg8 24.g3 hxg3 25.Nxg3 Rh8 26.Rd2 Bc5 27.f5 Bc4 28.Bd3 Bxd3 29.Rxd3 Ne5
30.Rd5 Bxe3+ 31.Kd1 Bf4 32.Rd4 Bxg3 33.hxg3 Rh2 34.Re4 f6 35.Rh4 Rxb2 36.Rh6 Nd7  0-1

[Event "5th Mediterranean Open"]
[Site "Rijeka CRO"]
[Date "2011.11.11"]
[Round "1.7"]
[White "Peric,D"]
[Black "Martinovic,Sa"]
[Result "0-1"]
[WhiteElo "1916"]
[BlackElo "2504"]

1.d4 Nf6 2.Bg5 d5 3.Bxf6 gxf6 4.c4 dxc4 5.e3 Be6 6.Nc3 c6 7.a4 Qa5 8.Nf3 Nd7
9.Nd2 Nb6 10.Qc2 f5 11.g3 Bg7 12.Bg2 O-O 13.O-O Rfd8 14.Rfd1 Rab8 15.Ne2 c5
16.dxc5 Qxc5 17.Nf4 a5 18.Nxe6 fxe6 19.Nb3 Qb4 20.Nd4 Rd6 21.Bf3 Bxd4 22.Rxd4 Rbd8
23.Rxd6 Rxd6 24.Rd1 Qxa4 25.Qb1 Qb3 26.Rxd6 exd6 27.Bd1 Qd3 28.Bc2 Qd2 29.e4 d5
30.exf5  0-1

[Event "2nd Brno Open"]
[Site "Brno CZE"]
[Date "2011.11.13"]
[Round "2"]
[White "Feldvabl,Vilem"]
[Black "Bradac,R"]
[Result "0-1"]
[WhiteElo "1826"]
[BlackElo "2032"]

1.d4 Nf6 2.Bg5 c5 3.dxc5 Ne4 4.Be3 e6 5.c3 Nxc5 6.Nf3 b6 7.g3 Be7 8.Bg2 Bb7
9.Nbd2 O-O 10.O-O d6 11.Nd4 Bxg2 12.Kxg2 Qc8 13.f3 e5 14.N4b3 d5 15.Nxc5 bxc5
16.Rc1 Nd7 17.Bf2 Qa6 18.a3 Rfd8 19.Re1 Rab8 20.Qc2 c4 21.e4 Bc5 22.exd5 Bxf2
23.Kxf2 Nc5  0-1

[Event "TCh-HUN 2011-12"]
[Site "Budapest HUN"]
[Date "2011.11.13"]
[Round "3"]
[White "Hoang Thanh Trang"]
[Black "Papp,Ga"]
[Result "1/2-1/2"]
[WhiteElo "2446"]
[BlackElo "2551"]

1.d4 Nf6 2.Bg5 d5 3.Bxf6 exf6 4.e3 Bd6 5.g3 c6 6.Bg2 f5 7.Ne2 Be6 8.Nd2 Nd7
9.O-O Nf6 10.Nf4 g5 11.Nxe6 fxe6 12.f3 h5 13.e4 Qb6 14.c3 O-O-O 15.Qb3 e5
16.Qxb6 axb6 17.dxe5 Bxe5 18.exf5 h4 19.Rfe1 Bd6 20.g4 Rhe8 21.Bf1 Bf4 22.Nb3 c5
23.Bb5 Re3 24.Rxe3 Bxe3+ 25.Kf1 d4 26.cxd4 cxd4 27.Bc4 Kc7 28.Rd1 h3 29.Ke2 Rd6
30.Be6 b5 31.Nd2 Rc6 32.Kd3 Kd6 33.Nf1 Bg1 34.Nd2 Be3 35.Nf1 Bg1 36.Nd2  1/2-1/2

[Event "TCh-CZE Liga1 Vychod"]
[Site "Czech Rep CZE"]
[Date "2011.11.13"]
[Round "3"]
[White "Silar,Lu"]
[Black "Neoral,A"]
[Result "0-1"]
[WhiteElo "2154"]
[BlackElo "2150"]

1.d4 Nf6 2.Bg5 c5 3.Bxf6 gxf6 4.d5 Qb6 5.b3 f5 6.c3 Bg7 7.e3 Na6 8.Bxa6 Qxa6
9.Ne2 d6 10.O-O Bd7 11.Re1 O-O-O 12.a4 h5 13.Na3 Rdg8 14.Qc2 Kb8 15.Nc4 b6
16.Reb1 Bf6 17.Qa2 f4 18.exf4 Bg4 19.Kf1 h4 20.Rc1 Qc8 21.Ne3 e6 22.b4 h3
23.g3 Bf3 24.dxe6 fxe6 25.bxc5 bxc5 26.Rab1+ Ka8 27.f5 Bg5 28.Qxe6 Qc6 29.Rb2 Re8
30.Qb3 Bxe3 31.fxe3 Rxe3 32.Nf4 Be2+ 33.Kg1 Rxg3+  0-1

[Event "5th Mediterranean Open"]
[Site "Rijeka CRO"]
[Date "2011.11.13"]
[Round "3.16"]
[White "Brumen,D"]
[Black "Bradaric,R"]
[Result "1-0"]
[WhiteElo "2345"]
[BlackElo "2013"]

1.d4 d5 2.Bg5 Nf6 3.e3 e6 4.Nf3 Be7 5.c4 c6 6.Nc3 Nbd7 7.cxd5 exd5 8.Qc2 O-O
9.Bd3 h6 10.Bh4 Nb6 11.O-O Be6 12.Ne5 Ng4 13.Bg3 Nxe5 14.Bxe5 Nd7 15.Bg3 f5
16.f3 Qc8 17.a3 Nf6 18.b4 a6 19.Na4 Nd7 20.Nc5 Nb6 21.Rfc1 Kh8 22.Nxb7 Nc4
23.Bxc4 Qxb7 24.Bd3 Bd7 25.Be5 Rac8 26.Qe2 Ra8 27.Rf1 Be6 28.e4 f4 29.Rfe1 Bf6
30.exd5 Bxd5 31.Bc2 Qf7 32.Qd3 Qg8 33.Rad1 Bc4 34.Qg6 Bb3 35.Bxf4 Bxc2 36.Qxc2 Qd5
37.Be5 Rad8 38.Bxf6 Rxf6 39.Re5 Qd6 40.Qe4 Rdf8 41.Re8 Rxe8 42.Qxe8+ Rf8
43.Qe5 Qg6 44.Qe4 Qf7 45.Qxc6 Qb3 46.Qc1 Re8 47.Re1 Rd8 48.Qe3 Qd5 49.h3 a5
50.Qe5 Qc4 51.Qc5 Qd3 52.bxa5 Rxd4 53.a6 Rd8 54.a7 Qa6 55.Rb1 Kh7 56.Rb8  1-0

[Event "2nd Brno Open"]
[Site "Brno CZE"]
[Date "2011.11.16"]
[Round "6"]
[White "Kosina,V"]
[Black "Bradac,R"]
[Result "1/2-1/2"]
[WhiteElo "1811"]
[BlackElo "2032"]

1.d4 Nf6 2.Bg5 c5 3.Nf3 Qb6 4.b3 Ne4 5.Bf4 Nc6 6.d5 Nd4 7.Qd3 Nf6 8.e4 Nxf3+
9.gxf3 d6 10.Qb5+ Bd7 11.Qxb6 axb6 12.c4 g6 13.a4 Bg7 14.Ra2 O-O 15.h4 Nh5
16.Be3 f5 17.Bh3 Be5 18.Rc2 Nf4 19.Bxf4 Bxf4 20.Nc3 Bc8 21.Ne2 Bh6 22.Rg1 fxe4
23.Bxc8 Raxc8 24.fxe4 Rf3 25.Rg3 Rcf8 26.Rxf3 Rxf3 27.Rc3 Rf8 28.Kf1 Bg7
29.Rh3 Be5 30.Kg2 Kg7 31.Rh1 Kh6 32.f3 Kg7 33.Rb1 Ra8 34.f4 Bf6 35.Kh3 b5
36.axb5 Ra2 37.Ng1 Rc2 38.Nf3 Rc3 39.Kg2 Rc2+ 40.Kg3 Rc3  1/2-1/2

[Event "21st World Seniors"]
[Site "Rijeka CRO"]
[Date "2011.11.16"]
[Round "2.3"]
[White "Dragasevic,S"]
[Black "Timoscenko,G"]
[Result "0-1"]
[WhiteElo "2256"]
[BlackElo "2483"]

1.d4 Nf6 2.Bg5 d5 3.e3 Nbd7 4.Nd2 e5 5.dxe5 Nxe5 6.Ngf3 Nxf3+ 7.Nxf3 Be7
8.Be2 O-O 9.O-O c5 10.c4 Be6 11.Qb3 h6 12.Bh4 Qb6 13.Qxb6 axb6 14.cxd5 Bxd5
15.a3 g5 16.Bg3 Ne4 17.Rfd1 Be6 18.Be5 f6 19.Bc7 Rfc8 20.Bg3 Nxg3 21.hxg3 Rd8
22.Rxd8+ Rxd8 23.Rd1 Rxd1+ 24.Bxd1 f5 25.a4 Bf6 26.b3 Bc3 27.Kf1 Kf7 28.Ke2 Bd5
29.Bc2 Kf6 30.Kd3 Bb4 31.Ke2 Bc3 32.Kd3 Ba5 33.Ke2 Bb4 34.Kd1 Bc3 35.Ke2 h5
36.Kd3 Ba5 37.Ke2 Bb4 38.Kf1 c4 39.Nd4 Bc3 40.Nb5 cxb3 41.Bxb3 Bxb3 42.Nxc3 Ke6
43.f3 Kd6 44.Ke1 Kc5 45.Kd2 Kb4 46.e4 fxe4 47.Nxe4 g4 48.Nf6 Bxa4 49.Nxh5 Ka3
50.Nf4 b5 51.Nd3 b4 52.Kc1 Bb5 53.Nb2 Bc6 54.fxg4 b5 55.g5 Be4 56.g4 b3 57.g3 Bc2
58.g6 Bxg6 59.g5 Bc2 60.g4 Ka2  0-1

[Event "5th Mediterranean Open"]
[Site "Rijeka CRO"]
[Date "2011.11.18"]
[Round "8.25"]
[White "Peric,D"]
[Black "Kukina,M"]
[Result "0-1"]
[WhiteElo "1916"]
[BlackElo "2061"]

1.d4 Nf6 2.Bg5 d5 3.Bxf6 gxf6 4.e3 Bf5 5.Nd2 e6 6.Ne2 c5 7.c3 Nc6 8.Ng3 Bg6
9.dxc5 Bxc5 10.Nb3 Be7 11.Bd3 Qb6 12.Bxg6 hxg6 13.Ne2 a5 14.Rb1 a4 15.Nbd4 Ne5
16.b3 Qa6 17.O-O a3 18.Qd2 f5 19.Rfd1 g5 20.f4 Ng4 21.h3 Nf6 22.Ng3 g4 23.hxg4 Nxg4
24.Ngxf5 exf5 25.Nxf5 Rd8 26.Qd4 Bf6 27.Qc5 Qe2 28.e4 Rh2 29.Nd6+ Rxd6 30.Qc8+ Rd8  0-1

[Event "WYCC U18 Girls"]
[Site "Caldas Novas BRA"]
[Date "2011.11.20"]
[Round "3"]
[White "Medeiros,Thauane Ferreira"]
[Black "Matute Loja,B"]
[Result "1-0"]
[WhiteElo "1798"]
[BlackElo "1954"]

1.d4 Nf6 2.Bg5 d5 3.e3 h6 4.Bf4 Nbd7 5.Bd3 c5 6.c3 e6 7.h3 a6 8.Nd2 Qe7 9.Ngf3 b5
10.Ne5 Bb7 11.a3 Nxe5 12.Bxe5 Nd7 13.Nf3 Nxe5 14.Nxe5 Qf6 15.O-O Bd6 16.f4 cxd4
17.exd4 Bxe5 18.fxe5 Qg5 19.Qe2 O-O 20.a4 bxa4 21.Rxa4 a5 22.Rfa1 Qd8 23.Bb1 Qb6
24.Qc2 g6 25.Qd2 Kh7 26.h4 Bc6 27.R4a2 Bb5 28.b4 a4 29.Bc2 Qa6 30.Qd1 Be2
31.Qb1 Qc4 32.Ra3 Ra7 33.Bxa4 Rfa8 34.Qb2 Qa6 35.Bc6 Qxa3 36.Rxa3 Rxa3 37.Bxa8  1-0

[Event "XII Puhajarve Handicap"]
[Site "Puhajarve EST"]
[Date "2011.11.25"]
[Round "8"]
[White "Volodin,Alek"]
[Black "Schuls,O"]
[Result "1-0"]
[WhiteElo "2495"]
[BlackElo "2224"]

1.d4 Nf6 2.Bg5 c5 3.d5 Qb6 4.Nc3 d6 5.e4 a6 6.Rb1 g6 7.Nf3 Bg7 8.Nd2 O-O
9.Be2 Nbd7 10.O-O h6 11.Be3 Qc7 12.a4 b6 13.Nc4 Ne5 14.Nxe5 dxe5 15.Qd2 Kh7
16.b4 Nd7 17.bxc5 Nxc5 18.Rb2 Bd7 19.Rfb1 Rfb8 20.Rb4 Bf8 21.f3 e6 22.h3 h5
23.Kh1 Qd8 24.Rc4 exd5 25.Nxd5 Be6 26.a5 Bxd5 27.exd5 Nd7 28.Rc6 bxa5 29.Ra1 Rc8
30.Rxc8 Rxc8 31.Bxa6 Bb4 32.Qe2 Ra8 33.Bb7 Rb8 34.Bc6 Bc3 35.Ra3 Rb1+ 36.Kh2 Bb4
37.Rb3 Rxb3 38.cxb3 Nc5 39.Qc4 Qd6 40.Kh1 f5 41.Bg5 e4 42.f4 e3 43.Bb5 Ne4
44.Qd4 Nxg5 45.fxg5 Qe7 46.Be2 Bd6 47.h4 Kg8 48.g3 Bxg3 49.Kg2 Bd6 50.Kf3 Bc5
51.Qf4 Kg7 52.Bc4 Bd6 53.Qd4+ Qe5 54.Qxe3 Qxe3+ 55.Kxe3 Bg3 56.Kf3 Bxh4 57.d6  1-0

[Event "TCh-SVK Extraliga 2011-12"]
[Site "Slovakia SVK"]
[Date "2011.11.26"]
[Round "3"]
[White "Cech,P"]
[Black "Banas,J"]
[Result "1/2-1/2"]
[WhiteElo "2369"]
[BlackElo "2318"]

1.d4 Nf6 2.Bg5 c5 3.d5 Ne4 4.Bf4 Qb6 5.Bc1 e6 6.f3 Qa5+ 7.c3 Nf6 8.e4 d6
9.Na3 exd5 10.exd5 Be7 11.Bd3 O-O 12.Nc4 Qc7 13.Ne3 Re8 14.Ne2 Nbd7 15.O-O Ne5
16.Bb5 Bd7 17.Bxd7 Qxd7 18.c4 b5 19.b3 bxc4 20.bxc4 Rab8 21.Qc2 Qb7 22.Bd2 Qb2
23.Rfc1 Bf8 24.Kf1 Qxc2 25.Rxc2 Rb7 26.Nc1 g6 27.Nb3 Bh6 28.Nf5 Bf8 29.Nh6+ Kg7
30.h3 Nfd7 31.Ng4 Kg8 32.Nxe5 Nxe5 33.Re1 Reb8 34.Ke2 Re7 35.Kf1 Reb7 36.Nxc5 Rb2
37.Rxb2 Rxb2 38.Bc3 Rc2 39.Bxe5 dxe5 40.Nd7 Rxc4 41.Rxe5 Kg7 42.Nxf8 Kxf8
43.d6 Rd4 44.Ra5 Rxd6 45.Rxa7 Rd2 46.a4 Ra2 47.h4 h5 48.Kg1 Kg7 49.Kh2 Ra3
50.Kg3 Ra2 51.a5 Ra4 52.Kh3 Ra3 53.Kh2 Ra4 54.Kg3 Ra2 55.a6 Ra4 56.Ra8 Ra2
57.f4 Ra3+ 58.Kf2 Kf6 59.Ra7 Ra4 60.Kf3 Ke6 61.Ke3 f6 62.Rg7  1/2-1/2

[Event "TCh-HUN 2011-12"]
[Site "Szombathely HUN"]
[Date "2011.11.27"]
[Round "4"]
[White "Kiss,At"]
[Black "Brandics,J"]
[Result "1/2-1/2"]
[WhiteElo "2358"]
[BlackElo "2308"]

1.d4 Nf6 2.Bg5 d5 3.Bxf6 exf6 4.e3 c6 5.c4 dxc4 6.Bxc4 Bd6 7.Nf3 O-O 8.O-O Nd7
9.Nc3 f5 10.a3 Nf6 11.b4 Qe7 12.Qb3 Bd7 13.b5 Ne4  1/2-1/2

[Event "VIII Regina Prol"]
[Site "Santos BRA"]
[Date "2011.11.30"]
[Round "7.4"]
[White "Stamenkovic,Dr"]
[Black "Assumpcao,R"]
[Result "1-0"]
[WhiteElo "2422"]
[BlackElo "2245"]

1.d4 Nf6 2.Bg5 c5 3.d5 Qb6 4.Nc3 Qxb2 5.Bd2 Qb6 6.e4 e5 7.f4 d6 8.Rb1 Qc7
9.Nf3 a6 10.a4 Nbd7 11.f5 h5 12.Be2 Be7 13.Ng5 h4 14.O-O Nf8 15.Qe1 N6h7
16.Nf3 g5 17.Be3 g4 18.Nxh4 Qd8 19.f6 Bxf6 20.Nf5 Rg8 21.Qf2 Qc7 22.a5 Bxf5
23.Qxf5 Bg5 24.Bf2 Bd2 25.Bb5+ axb5 26.Nxb5 Qd7 27.Bxc5 Rg6 28.Nxd6+ Rxd6
29.Bxd6 Qxf5 30.Rxf5 Ng6 31.Rxb7 Ng5 32.Rb8+ Rxb8 33.Bxb8 Nxe4 34.a6 Be3+
35.Kf1 g3 36.Bxe5 Ne7 37.Rh5 Nxd5 38.Bxg3 Ndf6 39.Rb5 Nd7 40.Bb8  1-0

[Event "45th ch-RSA 2011"]
[Site "Cape Town RSA"]
[Date "2011.12.02"]
[Round "8"]
[White "Hercules,B"]
[Black "Klaver,C"]
[Result "1/2-1/2"]
[WhiteElo "2056"]
[BlackElo "2098"]

1.d4 Nf6 2.Bg5 d5 3.Bxf6 gxf6 4.e3 e5 5.Nf3 Bg7 6.Nc3 c6 7.g3 Qb6 8.Na4 Qa5+
9.c3 Bg4 10.Be2 Nd7 11.b4 Qc7 12.Nh4 Be6 13.Bg4 b6 14.Bf5 h5 15.O-O Nf8 16.Qc2 Qd7
17.f3 Bh6 18.Rfe1 Bg5 19.Bxe6 fxe6 20.Ng2 Qh7 21.Qxh7 Rxh7 22.f4 exf4 23.exf4 Bh6
24.Re2 Kd7 25.Rae1 h4 26.f5 hxg3 27.fxe6+ Ke7 28.Nh4 Be3+ 29.Rxe3 gxh2+ 30.Kxh2 Rxh4+
31.Kg3 Rh6 32.c4 f5 33.cxd5 cxd5 34.Nc3 Rd8 35.Re5 Rxe6 36.Kf2 Rxe5 37.Rxe5+ Kf6
38.Nxd5+ Kg6 39.Ke3 Nd7 40.Nf4+ Kf6 41.Re6+ Kf7 42.b5 Nf6 43.Rc6  1/2-1/2

[Event "Porec Open 2011"]
[Site "Porec CRO"]
[Date "2011.12.02"]
[Round "3.6"]
[White "Havas,L"]
[Black "Lazic,Du"]
[Result "0-1"]
[WhiteElo "2280"]
[BlackElo "2041"]

1.d4 Nf6 2.Bg5 g6 3.Bxf6 exf6 4.e3 Bg7 5.h4 h5 6.c4 d6 7.Nc3 c6 8.Nge2 Qe7
9.g3 Na6 10.Bg2 Bg4 11.Qa4 Bd7 12.Qa3 f5 13.O-O-O O-O 14.Nf4 Nc7 15.Kb1 a6
16.Qb3 Rab8 17.c5 Be6 18.cxd6 Qxd6 19.d5 cxd5 20.Ncxd5 Nxd5 21.Bxd5 Bxd5
22.Rxd5 Qf6 23.Rhd1 Kh7 24.Rd6 Qe5 25.a3 Rbc8 26.f3 Rc7 27.R1d5 Qe7 28.Nh3 Be5
29.Ng5+ Kg7 30.Re6 fxe6 31.Rxe5 Rfc8 32.Nxe6+ Kf6 33.f4 Qf7 34.g4 hxg4 35.h5 g3
36.hxg6 Kxg6 37.e4 Rc1+ 38.Ka2 R8c3 39.bxc3 g2 40.exf5+ Kf6  0-1

[Event "Porec Open 2011"]
[Site "Porec CRO"]
[Date "2011.12.02"]
[Round "3.9"]
[White "Havas,Ja"]
[Black "Matijevic,Filip"]
[Result "1/2-1/2"]
[WhiteElo "2174"]
[BlackElo "2012"]

1.d4 Nf6 2.Bg5 g6 3.Bxf6 exf6 4.e3 Bg7 5.h4 h5 6.c4 O-O 7.Bd3 f5 8.Ne2 d6
9.Nbc3 Nd7 10.Qb3 Re8 11.O-O-O Nf6 12.Nf4 c6 13.Kb1 Qe7 14.g3 Ng4 15.Qc2 Bd7
16.Qd2 a6 17.Rhe1 b5 18.e4 fxe4 19.Bxe4 Qd8 20.f3 Nf6 21.c5 d5 22.Bc2 Qc7
23.Rxe8+ Rxe8 24.Re1 Qb8 25.Rxe8+ Qxe8 26.Nd3 Nh7 27.Ne2 Nf8 28.f4 Bg4 29.Ndc1 Qe6
30.a4 Bxe2 31.Nxe2 Qg4 32.axb5 axb5 33.Qe3 Ne6 34.Qf2 Kh7 35.Ka2 Kg8 36.Kb1 f5
37.Kc1 Qh3 38.Kb1 Qh1+ 39.Ka2 Kf7 40.Qe3 Qe1 41.Qf3 Bxd4 42.Bxf5 gxf5 43.Qxh5+ Kg7
44.Nxd4 Nxd4 45.Qg5+ Kh7 46.Qh5+ Kg7 47.Qg5+ Kh7  1/2-1/2

[Event "XXXII Crespi Memorial"]
[Site "Milan ITA"]
[Date "2011.12.03"]
[Round "1"]
[White "Drazic,S"]
[Black "Cazzaniga,W"]
[Result "1-0"]
[WhiteElo "2537"]
[BlackElo "2118"]

1.d4 Nf6 2.Bg5 c5 3.dxc5 Qa5+ 4.Qd2 Qxc5 5.Nc3 e6 6.e4 d6 7.f3 Nbd7 8.Be3 Qa5
9.Nb5 Qxd2+ 10.Kxd2 Kd8 11.Nxa7 d5 12.exd5 Nxd5 13.Nxc8 Rxc8 14.c3 Be7 15.Bb5 Nxe3
16.Kxe3 Nf6 17.Rd1+ Kc7 18.Nh3 Rhd8 19.Ke2 h6 20.Nf2 Nd5 21.g3 Kb6 22.Ba4 Bf6
23.Bb3 Nc7 24.Ne4 Be7 25.h4 Na6 26.Nd2 Kc7 27.Nc4 Bf6 28.Ne3 Nc5 29.Ng4 Nxb3
30.axb3 Rxd1 31.Rxd1 Ra8 32.b4 Ra2 33.Rd2 Ra1 34.f4 h5 35.Nf2 Be7 36.Nd3 f6
37.Rd1 Ra2 38.Kd2 g5 39.hxg5 fxg5 40.Kc2 Ra8 41.fxg5 Bd6 42.Rh1 Rh8 43.Rh3 e5
44.Nf2 Kd7 45.Ne4 Be7 46.Rh4  1-0

[Event "XXXII Crespi Memorial"]
[Site "Milano ITA"]
[Date "2011.12.05"]
[Round "3"]
[White "Doric,D"]
[Black "Valsecchi,A"]
[Result "1/2-1/2"]
[WhiteElo "2504"]
[BlackElo "2376"]

1.d4 Nf6 2.Bg5 c5 3.Bxf6 gxf6 4.d5 Qb6 5.Qc1 f5 6.c4 Bg7 7.Nc3 d6 8.e3 Nd7
9.Qc2 Qa5 10.Nf3 b5 11.cxb5 Nb6 12.Nd2 a6 13.Be2  1/2-1/2

[Event "London Classic FIDE Open"]
[Site "London ENG"]
[Date "2011.12.07"]
[Round "5"]
[White "Svaralova,Monika"]
[Black "McCarthy,Damian"]
[Result "1-0"]
[WhiteElo "2025"]
[BlackElo "1882"]

1.d4 Nf6 2.Bg5 c5 3.Bxf6 gxf6 4.d5 Qb6 5.Qc1 Bh6 6.e3 f5 7.Nd2 d6 8.Ngf3 Qa5
9.a4 Nd7 10.c3 Nf6 11.Nc4 Qc7 12.Qd2 b6 13.Na3 f4 14.exf4 Rg8 15.g3 Bb7 16.c4 e5
17.Qe2 O-O-O 18.Bh3+ Kb8 19.fxe5 dxe5 20.O-O Rde8 21.Nb5 Qd8 22.Nd2 Bc8 23.Bxc8 Kxc8
24.Nxa7+ Kb7 25.Nc6 Qc8 26.a5 Qh3 27.f3 Nh5 28.Ne4 f5 29.Nd6+ Kc7 30.Nxe8+ Kd7
31.Qxe5 Be3+ 32.Qxe3 Rxg3+ 33.Kf2 Rg2+ 34.Ke1 Qh4+ 35.Kd1  1-0

[Event "London Classic FIDE Open"]
[Site "London ENG"]
[Date "2011.12.08"]
[Round "6"]
[White "Pert,R"]
[Black "Perez,Fl"]
[Result "1-0"]
[WhiteElo "2455"]
[BlackElo "2245"]

1.d4 Nf6 2.Bg5 c5 3.Nc3 cxd4 4.Qxd4 Nc6 5.Qh4 e6 6.e4 Be7 7.O-O-O Qa5 8.f4 d6
9.Nf3 h6 10.e5 dxe5 11.fxe5 Nxe5 12.Nxe5 Qxe5 13.Bb5+ Kf8 14.Bf4 Qf5 15.Bd6 Bxd6
16.Rxd6 g5 17.Qe1 g4 18.Rf1 Qg5+ 19.Kb1 a6 20.Bd3 Ne8 21.Rd4 f5 22.Na4 Qg7
23.Qb4+ Qe7 24.Qc3 e5  1-0

[Event "Schachbundesliga 2011-12"]
[Site "Essen GER"]
[Date "2011.12.10"]
[Round "6"]
[White "Richter,Mic"]
[Black "Tregubov,P"]
[Result "1/2-1/2"]
[WhiteElo "2484"]
[BlackElo "2602"]

1.d4 Nf6 2.Bg5 d5 3.e3 c6 4.Bd3 g6 5.Bxf6 exf6 6.Nf3 Bd6 7.O-O Nd7 8.Nbd2 f5
9.c4 Qe7 10.cxd5 cxd5 11.Nb1 O-O 12.Nc3 Nf6 13.Qb3 Be6 14.g3 Rad8 15.Ng5 Bc8
16.Nh3 b6 17.Nf4 Bb7 18.Rfe1 Bb8 19.a4 g5 20.Ng2 Ne4 21.Qd1 Qf6 22.f4 h6
23.Rf1 Qg6 24.Nxe4 fxe4 25.Be2 f5 26.Qd2 Rc8 27.Rac1 Bd6 28.Rxc8 Rxc8 29.Rc1 Qe8
30.Bb5 Qe6 31.Rxc8+ Qxc8 32.Ne1 a6 33.Bf1 Kf7 34.Nc2 Ke6 35.b3 Be7 36.Ne1 g4
37.Qc2 Qxc2 38.Nxc2 h5 39.Kf2 h4 40.Ke1 Kd7 41.Kd2 Kc7 42.Kc3 a5 43.Kd2 Bc6
44.Bb5 h3 45.Ke1 Bd7 46.Kf2 Bc6  1/2-1/2

[Event "Sportaccord WMG Rapid w"]
[Site "Beijing CHN"]
[Date "2011.12.11"]
[Round "7"]
[White "Dzagnidze,N"]
[Black "Lahno,Kateri"]
[Result "1/2-1/2"]
[WhiteElo "2516"]
[BlackElo "2549"]

1.d4 Nf6 2.Bg5 d5 3.e3 c5 4.Nd2 Qb6 5.dxc5 Qxb2 6.Ngf3 Qc3 7.Bxf6 gxf6 8.Bb5+ Nc6
9.O-O Qxc5 10.c4 dxc4 11.Bxc4 Bg7 12.Rc1 Qa3 13.Ne4 O-O 14.Ng3 Qa5 15.Qb3 Qb4
16.Qc2 Bg4 17.Rb1 Qa3 18.Rb3 Qd6 19.Rd1 Qc7 20.Bd3 h6 21.Rdb1 Rab8 22.Nd4 Rfc8
23.Bh7+ Kh8 24.Qe4 Nxd4 25.exd4 e6 26.Qxg4 Kxh7 27.d5 f5 28.Qf3 b6 29.Re1 Qc4
30.dxe6 fxe6 31.Rbe3 Rc6 32.Nh5 Bd4 33.R3e2 Rf8 34.h3 e5 35.g4 Rg6 36.Ng3 Qc8
37.Rxe5 fxg4 38.Re7+ Kh8 39.Qe4 Bxf2+ 40.Kh1 Qc6 41.Rf1 Qxe4+ 42.Nxe4 g3
43.Kg2 Rg7 44.Re6 h5 45.Re5 h4 46.Ng5 Rd7 47.Nf3 Bc5 48.Rh5+ Rh7 49.Rxh4 Rxh4
50.Nxh4 Rxf1 51.Kxf1 b5 52.Nf5 Bf2 53.Nd6 b4 54.Nc4 Kg7 55.Kg2 Kf6 56.Na5 a6
57.Nc6 Be1 58.Kf1 Bc3 59.Kg2 Be1 60.Kf1 Bc3 61.Kg2 Ke6 62.Kxg3 Kd5 63.Na5 Kc5
64.Kf3 Kb5 65.Nb3 a5 66.Ke2 a4 67.Nd2 b3 68.Nxb3 axb3 69.axb3 Kb4  1/2-1/2

[Event "14th Padova Open"]
[Site "Padova ITA"]
[Date "2011.12.13"]
[Round "3"]
[White "Kosic,D"]
[Black "Maiorov,N1"]
[Result "1/2-1/2"]
[WhiteElo "2502"]
[BlackElo "2558"]

1.d4 Nf6 2.Bg5 c5 3.Bxf6 gxf6 4.d5 Qb6 5.Qc1 f5 6.c4 Bg7 7.Nc3 d6 8.e3 Nd7
9.Nf3 Nf6 10.Nd2 Bd7  1/2-1/2

[Event "Sportaccord WMG Blindfold w"]
[Site "Beijing CHN"]
[Date "2011.12.14"]
[Round "5"]
[White "Danielian,E"]
[Black "Dembo,Y"]
[Result "1/2-1/2"]
[WhiteElo "2497"]
[BlackElo "2468"]

1.d4 Nf6 2.Bg5 d5 3.Nf3 c5 4.Bxf6 gxf6 5.e3 Nc6 6.c4 cxd4 7.cxd5 Qxd5 8.Nc3 Qa5
9.Nxd4 Bd7 10.Bc4 e6 11.a3 Rg8 12.g3 Qe5 13.O-O Bc5 14.Nf3 Qh5 15.b4 Be7
16.Be2 Rd8 17.Nd4 Qe5 18.Bf3 Kf8 19.Bg2 a6 20.Rc1 Kg7 21.Nf3 Qh5 22.Ne2 Kh8
23.Nf4 Qh6 24.Qc2 Rc8 25.Qb2 Rgd8 26.Rfd1 Be8 27.h4 Qg7 28.a4 f5 29.Qxg7+ Kxg7
30.Rxd8 Rxd8 31.b5 axb5 32.axb5 Na5 33.Nh5+ Kh6 34.Nf4 Kg7 35.Nh5+ Kf8 36.Nd4 Bd7
37.b6 e5 38.Nf3 f6 39.Rc7 Kf7 40.Nd2 Bd6 41.Rc2 Kg6 42.Bf3 Bc6 43.Be2 Bb4
44.Nf1 Rd6 45.g4 fxg4 46.Bxg4 f5 47.Be2 Kh6 48.Nfg3 Kg6 49.Nf1 Rd5 50.Nhg3 Rc5
51.Rb2 Bc3 52.Rc2 Bb4 53.Rb2 Bc3 54.Rc2 Bb4  1/2-1/2

[Event "European Rapid 2011"]
[Site "Warsaw POL"]
[Date "2011.12.18"]
[Round "12"]
[White "Bednarek,S"]
[Black "Gdanski,J"]
[Result "1-0"]
[WhiteElo "2320"]
[BlackElo "2538"]

1.d4 Nf6 2.Bg5 d5 3.Bxf6 exf6 4.e3 c6 5.c4 dxc4 6.Bxc4 Bd6 7.Qh5 g6 8.Qf3 f5
9.h4 Qb6 10.Qe2 h5 11.Nh3 Be7 12.Nf4 Nd7 13.Nc3 Qc7 14.O-O-O Nf6 15.Kb1 b5
16.Bb3 a5 17.d5 a4 18.Bc2 b4 19.Nxa4 O-O 20.Qc4 Bd6 21.dxc6 Ba6  1-0

[Event "XXII Cajacanarias Christmas"]
[Site "Santa Cruz de Tenerife ESP"]
[Date "2011.12.20"]
[Round "3"]
[White "Hernandez Leon,S"]
[Black "Rodriguez Sierra,Enrique"]
[Result "1-0"]
[WhiteElo "2123"]
[BlackElo "1577"]

1.d4 Nf6 2.Bg5 g6 3.Bxf6 exf6 4.e3 Bg7 5.g3 d5 6.Bg2 c6 7.Ne2 Bg4 8.Nd2 Nd7
9.O-O O-O 10.h3 Be6 11.c4 dxc4 12.Qc2 Nb6 13.Nf4 Bf5 14.e4 Bd7 15.Nxc4 Nxc4
16.Qxc4 Re8 17.Rad1 Rc8 18.Rfe1 b5 19.Qc2 Qc7 20.Nd3 Rcd8 21.Kh2 f5 22.e5 Rc8
23.f4 Be6 24.Nb4 Bd5 25.Rc1 Qb6 26.Bxd5 cxd5 27.Qxc8 Rxc8 28.Rxc8+ Bf8 29.Nxd5 Qxd4
30.Nf6+ Kg7 31.Re2 a5 32.Rec2 h6 33.Rxf8 Kxf8 34.Rc8+  1-0